Pathology illustrated. / (Record no. 7183)

MARC details
000 -LEADER
fixed length control field 01718nam a22002417a 4500
003 - CONTROL NUMBER IDENTIFIER
control field OSt
005 - DATE AND TIME OF LATEST TRANSACTION
control field 20231019163059.0
008 - FIXED-LENGTH DATA ELEMENTS--GENERAL INFORMATION
fixed length control field 150929b xxu||||| |||| 00| 0 eng d
020 ## - INTERNATIONAL STANDARD BOOK NUMBER
International Standard Book Number 9780702033759
040 ## - CATALOGING SOURCE
Transcribing agency WIUC-GH
050 #4 - LIBRARY OF CONGRESS CALL NUMBER
Classification number RB111.P29
245 00 - TITLE STATEMENT
Title Pathology illustrated. /
Statement of responsibility, etc. edited by Robin Reid ...[et al.]
250 ## - EDITION STATEMENT
Edition statement 7th ed.
260 ## - PUBLICATION, DISTRIBUTION, ETC.
Place of publication, distribution, etc. London :
Name of publisher, distributor, etc. Churchill Livingstone,
Date of publication, distribution, etc. 2011.
300 ## - PHYSICAL DESCRIPTION
Extent xii, 670 p. :
Other physical details ill. ;
500 ## - GENERAL NOTE
General note Generations of medical and other health science students have been helped to pass their exams by the Illustrated books. The visual presentation of the subject matter, divided in to one-page units, makes for easy learning and recall. This seventh edition of Pathology Illustrated covers all the essential information in as clear and concise a way as possible, focusing on what is most clinically important. Pathology remains central to the study of medicine and forms the bridge between the basic sciences and clinical medicine, making this book an essential purchase for today's student. Covers both basic and systematic pathology Each topic clearly summarised in one/two pages.
504 ## - BIBLIOGRAPHY, ETC. NOTE
Bibliography, etc. note Includes bibliographical references and index.
505 ## - FORMATTED CONTENTS NOTE
Formatted contents note Contents: Cell and tissue damage -- Inflammation -- Healing -- Infection -- Immunity -- Neoplasia -- Cardiovascular diseases -- Respiratory system -- Gastrointestinal tract -- Liver, gall bladder and pancreas -- Haemopoietic and lympho-recticular tissues -- Genitourinary system -- Female genital system and breast -- Nervous system -- Musculo-skeletal system -- Endocrine system --
650 #0 - SUBJECT ADDED ENTRY--TOPICAL TERM
Topical term or geographic name entry element Pathology.
9 (RLIN) 2530
650 #0 - SUBJECT ADDED ENTRY--TOPICAL TERM
Topical term or geographic name entry element Pathology - Atlases
9 (RLIN) 2531
700 1# - ADDED ENTRY--PERSONAL NAME
Personal name Reid, Robin
9 (RLIN) 2532
942 ## - ADDED ENTRY ELEMENTS (KOHA)
Source of classification or shelving scheme Library of Congress Classification
Koha item type Books
Holdings
Withdrawn status Lost status Source of classification or shelving scheme Damaged status Not for loan Home library Current library Shelving location Date acquired Full call number Barcode Date last seen Copy number Price effective from Koha item type
    Library of Congress Classification     WISCONSIN INTERNATIONAL UNIVERSITY COLLEGE, GHANA KUMASI LIBRARY WISCONSIN INTERNATIONAL UNIVERSITY COLLEGE, GHANA KUMASI LIBRARY nursing 01/07/2019 RB111.P29(7e) KSN/227/19 13/03/2020 1 13/03/2020 Books
    Library of Congress Classification     WISCONSIN INTERNATIONAL UNIVERSITY COLLEGE, GHANA KUMASI LIBRARY WISCONSIN INTERNATIONAL UNIVERSITY COLLEGE, GHANA KUMASI LIBRARY nursing 01/07/2019 RB111.P291(7e) KSN/228/19 13/03/2020 2 13/03/2020 Books
    Library of Congress Classification     WISCONSIN INTERNATIONAL UNIVERSITY COLLEGE, GHANA KUMASI LIBRARY WISCONSIN INTERNATIONAL UNIVERSITY COLLEGE, GHANA KUMASI LIBRARY nursing 05/07/2023 RB111.P292(7e) KSN/1247/194/23 30/08/2023 3 30/08/2023 Books
    Library of Congress Classification     WISCONSIN INTERNATIONAL UNIVERSITY COLLEGE, GHANA KUMASI LIBRARY WISCONSIN INTERNATIONAL UNIVERSITY COLLEGE, GHANA KUMASI LIBRARY nursing 05/06/2023 RB111.P293(7e) KSN/1248/195/23 30/08/2023 4 30/08/2023 Books

If you have any concerns or questions; kindly contact the library


© Powered by WIUC ICT DIRECTORATE